[Event "8th ch-Euro"]
[Site "Dresden GER"]
[Date "2007.04.08"]
[Round "6"]
[White "Aleksandrov,A"]
[Black "Parligras,M"]
[Result "1-0"]
[WhiteElo "2601"]
[BlackElo "2494"]
[EventDate "2007.04.03"]

1. d4 Nf6 2. c4 e6 3. Nc3 Bb4 4. e3 c5 5. Bd3 Nc6 6. Nf3 Bxc3+ 7. bxc3 d6
8. O-O e5 9. Nd2 O-O 10. Re1 cxd4 11. cxd4 exd4 12. exd4 Bg4 13. f3 Bh5 14.
Nb3 Rc8 15. Bf5 Rc7 16. Bg5 Bg6 17. Be4 h6 18. Bh4 Re8 19. Qd3 Nb4 20. Qc3
Nc6 21. Nd2 Rc8 22. Qd3 Kh7 23. Rab1 Na5 24. f4 Rxe4 25. Nxe4 Nxc4 26. Rxb7
d5 27. Nxf6+ Qxf6 28. Bxf6 Bxd3 29. Be7 a6 30. Bc5 f6 31. Ree7 Rg8 32. g4
Nd2 33. Kf2 Bc4 34. a3 h5 35. gxh5 Ne4+ 36. Ke3 Ba2 37. f5 Bc4 38. Kf4 Nf2
39. Bd6 Ne4 40. Bb4 Nf2 41. Bd2 Ne4 42. Bb4 Nf2 43. Ke3 Ng4+ 44. Kf3 Nh6
45. Kf4 Bd3 46. Re6 Kh8 47. Rd6 Bc4 48. Rbd7 Re8 49. Re6 Ra8 50. Ree7 Rg8
51. Be1 Bd3 52. Rxd5 Rc8 53. Rc5 Rd8 54. Bc3 Rb8 55. Re3 Bb1 56. Re1 Bd3
57. Bb4 Rd8 58. Rd1 Be2 59. Rd2 1-0

[Event "8th ch-Euro"]
[Site "Dresden GER"]
[Date "2007.04.08"]
[Round "6"]
[White "Howell,D"]
[Black "Mchedlishvili,M"]
[Result "0-1"]
[WhiteElo "2501"]
[BlackElo "2583"]
[EventDate "2007.04.03"]

1. e4 e5 2. Nf3 Nc6 3. Bb5 Nf6 4. d3 d6 5. c3 Bd7 6. O-O g6 7. d4 Bg7 8. d5
Ne7 9. Bxd7+ Qxd7 10. Qe2 h6 11. c4 Nh7 12. Ne1 f5 13. exf5 gxf5 14. Qh5+
Kf8 15. f4 e4 16. Nc2 c6 17. dxc6 bxc6 18. Rd1 d5 19. cxd5 cxd5 20. Nd4
Bxd4+ 21. Rxd4 Nf6 22. Qh4 Kf7 23. Nc3 Rag8 24. Be3 Rg4 25. Qh3 Nc6 26.
Rad1 Nxd4 27. Bxd4 Rhg8 28. g3 R8g6 29. Bxf6 Rxf6 30. Rxd5 Qe6 31. Kh1 Qa6
32. Qh5+ Rgg6 33. Qd1 Kg8 34. Rd8+ Kh7 35. Qd7+ Rg7 36. Qd5 Re7 37. Kg1 e3
38. Ne2 Qxa2 0-1

[Event "8th ch-Euro"]
[Site "Dresden GER"]
[Date "2007.04.08"]
[Round "6"]
[White "Petrik,T"]
[Black "Roiz,M"]
[Result "0-1"]
[WhiteElo "2531"]
[BlackElo "2605"]
[EventDate "2007.04.03"]

1. e4 c5 2. Nf3 d6 3. d4 cxd4 4. Nxd4 Nf6 5. Nc3 a6 6. Be2 e5 7. Nb3 Be7 8.
O-O O-O 9. Be3 Be6 10. Qd2 Nbd7 11. a4 Rc8 12. a5 Qc7 13. Rfd1 Rfd8 14. Qe1
Qc6 15. Bf3 Qc7 16. Be2 Qc6 17. Bf3 Qc7 18. Rd2 h6 19. h3 Re8 20. Be2 Qc6
21. Bf3 Nf8 22. Nc1 N8h7 23. Nd3 Ng5 24. Bxg5 hxg5 25. Qe3 Qc7 26. Nb4 Qc5
27. Qxc5 Rxc5 28. Be2 Rec8 29. f3 Bd8 30. Rxd6 Bxa5 31. Nd3 Bxc3 32. Nxc5
Bxb2 33. Nxe6 Bxa1 34. Rd8+ Rxd8 35. Nxd8 b5 36. Kf1 Bc3 37. Nc6 Nd7 38.
Ne7+ Kf8 39. Nd5 Ba5 40. Kf2 Bb6+ 41. Ke1 Ba5+ 42. Kd1 Nc5 43. c3 Ke8 44.
Kc2 Kd7 45. Bf1 Kd6 46. Ne3 g6 47. Bc4 bxc4 48. Nxc4+ Kc6 49. Nxe5+ Kb5 50.
Nxf7 Ne6 51. Ne5 Nf4 52. g3 Nxh3 53. Nxg6 Bc7 54. e5 Kc6 55. Kd3 Kd5 56. f4
g4 57. Ne7+ Ke6 58. Ng8 Nf2+ 59. Kc4 Bd8 60. Nh6 Be7 61. Kd4 Bf8 62. f5+
Ke7 63. Ng8+ Kf7 64. Nf6 a5 65. Nd5 a4 66. e6+ Ke8 67. c4 a3 68. Kc3 Nd3
69. Kb3 Nc1+ 70. Kc2 a2 71. Kb2 Ba3+ 72. Ka1 Bd6 73. Nf6+ Kd8 74. e7+ Kxe7
75. Nxg4 Bc5 76. f6+ Kf8 0-1

[Event "8th ch-Euro"]
[Site "Dresden GER"]
[Date "2007.04.08"]
[Round "6"]
[White "Stanojoski,Z"]
[Black "Grigoriants,S RUS"]
[Result "0-1"]
[WhiteElo "2504"]
[BlackElo "2592"]
[EventDate "2007.04.03"]

1. e4 c5 2. Nf3 d6 3. d4 cxd4 4. Nxd4 Nf6 5. Nc3 a6 6. Be2 e6 7. O-O Be7 8.
f4 Qc7 9. Kh1 O-O 10. Be3 b5 11. e5 dxe5 12. fxe5 Nfd7 13. Bf3 Bb7 14. Bf4
Nc6 15. Bxc6 Bxc6 16. Qg4 Kh8 17. Rae1 b4 18. Nd1 Bb7 19. Bg3 Rad8 20. Qh5
Kg8 21. c3 bxc3 22. bxc3 Nc5 23. Bh4 Bxh4 24. Qxh4 Nd3 25. Re3 Nxe5 26. Rh3
h6 27. Qg3 Qc4 28. Rg1 Ng6 29. Ne3 Qxa2 30. Ng4 Qd5 31. Rxh6 Qg5 32. Rh3
Nf4 33. Rh4 Nxg2 0-1

[Event "8th ch-Euro"]
[Site "Dresden GER"]
[Date "2007.04.08"]
[Round "6"]
[White "Kritz,L"]
[Black "Kanep,M"]
[Result "0-1"]
[WhiteElo "2597"]
[BlackElo "2504"]
[EventDate "2007.04.03"]

1. e4 c5 2. c3 d5 3. exd5 Qxd5 4. d4 Nf6 5. Nf3 e6 6. Be2 Nc6 7. O-O Be7 8.
c4 Qd7 9. dxc5 Bxc5 10. Nc3 O-O 11. a3 Rd8 12. Qc2 Qc7 13. b4 Be7 14. c5
Bd7 15. Bb2 Be8 16. Nb5 Qb8 17. g3 a5 18. Qc3 axb4 19. axb4 Rxa1 20. Rxa1
Bf8 21. Bc4 b6 22. Ba3 Nd5 23. Qe1 bxc5 24. bxc5 Ncb4 25. Bxb4 Bxb5 26.
Bxb5 Qxb5 27. Ba3 Bxc5 28. Rb1 Qd3 29. Bxc5 Qxf3 30. Qd1 Qxd1+ 31. Rxd1 f6
32. Ra1 Rc8 33. Bd6 Rd8 34. Bc5 Rd7 35. Ra8+ Kf7 36. Kg2 e5 37. Rh8 h6 38.
h4 Rc7 39. Bd6 Rc2 40. Ra8 Ne3+ 41. Kg1 Rc1+ 42. Kh2 Ng4+ 43. Kg2 Rc2 44.
Ra7+ Ke6 45. Bf8 Rxf2+ 46. Kg1 Rf3 47. Kg2 e4 48. Bxg7 Ne3+ 49. Kh3 Nf1 50.
Kg2 h5 51. Ra6+ Kf7 52. Ra7+ Kg6 53. Bh8 Ne3+ 54. Kh2 Ng4+ 55. Kg2 Rf2+ 56.
Kg1 e3 57. Ra4 Rd2 0-1

[Event "8th ch-Euro"]
[Site "Dresden GER"]
[Date "2007.04.08"]
[Round "6"]
[White "Dgebuadze,A"]
[Black "Khairullin,I"]
[Result "0-1"]
[WhiteElo "2504"]
[BlackElo "2586"]
[EventDate "2007.04.03"]

1. e4 c5 2. Nf3 d6 3. d4 Nf6 4. Nc3 cxd4 5. Nxd4 a6 6. Be3 e5 7. Nf3 Be7 8.
Bc4 O-O 9. O-O Be6 10. Qe2 Bxc4 11. Qxc4 b5 12. Qe2 Nbd7 13. Rfd1 Rc8 14.
a4 b4 15. Na2 a5 16. c3 b3 17. Nc1 Nxe4 18. Nxb3 Rb8 19. Qc2 Nef6 20. Nbd2
Qc7 21. Rab1 d5 22. Nf1 h6 23. Rdc1 Rfc8 24. Qd1 Qd6 25. Ng3 Qe6 26. h3 Ne8
27. Qe1 Nd6 28. b4 Nc4 29. bxa5 Rxb1 30. Rxb1 Nxa5 31. Nd2 Rxc3 32. Nf3 Rb3
33. Bd2 Rxb1 34. Qxb1 Nc4 35. Bc3 Bc5 36. Qb5 Nd6 37. Qe2 Bxf2+ 38. Kh2 Bc5
39. a5 d4 40. a6 Qc4 0-1

[Event "8th ch-Euro"]
[Site "Dresden GER"]
[Date "2007.04.08"]
[Round "6"]
[White "Nechepurenko,R"]
[Black "Solak,D"]
[Result "1/2-1/2"]
[WhiteElo "2481"]
[BlackElo "2564"]
[EventDate "2007.04.03"]

1. d4 d5 2. c4 c6 3. Nc3 Nf6 4. Nf3 dxc4 5. a4 Bf5 6. e3 e6 7. Bxc4 Nbd7 8.
O-O Bb4 9. Ne2 O-O 10. Ng3 Bg6 11. Nh4 c5 12. Nxg6 hxg6 13. dxc5 Rc8 14. b3
Qa5 15. Bb2 Bc3 16. Bxc3 Qxc3 17. Qd4 Qb4 18. c6 bxc6 19. Qxa7 Nc5 20. Rfc1
Nd5 21. Ba6 Nxb3 22. Bxc8 Nxa1 23. Rxa1 Rxc8 24. Qd7 Qf8 25. Qb7 c5 26. a5
Rb8 27. Qc6 Rc8 28. Qa4 c4 29. a6 Qb4 30. Qxb4 Nxb4 31. a7 Ra8 32. Ra4 Nd5
33. Kf1 c3 34. Ke2 Ne7 35. Kd1 Nc8 36. Ne4 Rxa7 37. Rd4 Nb6 38. Rd8+ Kh7
39. Ng5+ Kh6 40. f4 Kh5 41. h3 Kh4 42. Ne4 Rd7+ 43. Rxd7 Nxd7 44. Nxc3 Kg3
45. Ne4+ Kxg2 46. Ng5 Nf8 47. Nxf7 Kxh3 48. Ke2 Kg4 49. Ne5+ Kf5 50. Nf3
Nh7 51. Nd4+ Kf6 52. Kf3 g5 53. Kg4 gxf4 54. exf4 Nf8 55. Ne2 Nd7 56. Ng3
Nc5 57. Nh5+ Kg6 58. Ng3 Kf6 59. Nh5+ Kf7 60. Ng3 Nd7 61. Kh5 Nf6+ 62. Kg5
Nh7+ 63. Kg4 Kf6 64. Kf3 Nf8 65. Ke4 Nd7 66. Nf5 Kf7 67. Ng3 Nf6+ 68. Ke3
Ng4+ 69. Ke4 Ke7 70. Kd4 g6 71. Ke4 Nf6+ 72. Kd4 Nh5 73. Ne2 Kf6 74. Ke4
Ng7 75. Nd4 Nf5 76. Nf3 Nd6+ 77. Ke3 Nb5 78. Ke4 Nc3+ 79. Ke3 Nd1+ 80. Ke2
Kf5 1/2-1/2

[Event "8th ch-Euro"]
[Site "Dresden GER"]
[Date "2007.04.08"]
[Round "6"]
[White "Halkias,S"]
[Black "Manolache,M"]
[Result "0-1"]
[WhiteElo "2583"]
[BlackElo "2491"]
[EventDate "2007.04.03"]

1. d4 Nf6 2. Nf3 g6 3. c4 d6 4. Nc3 Bg7 5. e4 O-O 6. Be2 c5 7. d5 e6 8. O-O
Na6 9. Be3 Re8 10. Qc2 exd5 11. cxd5 Nb4 12. Qb1 Nxe4 13. Nxe4 Bf5 14. Nfd2
Nxd5 15. Bd3 Nxe3 16. fxe3 c4 17. Rxf5 gxf5 18. Ng3 cxd3 19. Nxf5 Qb6 20.
Qxd3 Qa6 21. Qb3 d5 22. Rf1 Re5 23. Nxg7 Kxg7 24. Qc3 f6 25. Nf3 Re4 26.
Qc7+ Kh8 27. Nd4 Qb6 28. Qf4 Rxe3 29. Qxf6+ Qxf6 30. Rxf6 Re4 31. Nf5 Rd8
32. Nd6 Re2 33. Nxb7 Rb8 34. Rf4 d4 35. Nc5 Rbxb2 36. h4 Rxg2+ 37. Kf1 Rgc2
38. Rf8+ Kg7 39. Ne6+ Kh6 40. Rf6+ Kh5 0-1

[Event "8th ch-Euro"]
[Site "Dresden GER"]
[Date "2007.04.08"]
[Round "6"]
[White "Korneev,O"]
[Black "Simacek,P"]
[Result "1-0"]
[WhiteElo "2606"]
[BlackElo "2501"]
[EventDate "2007.04.03"]

1. e4 c5 2. Nf3 d6 3. d4 cxd4 4. Nxd4 Nf6 5. Nc3 a6 6. Be3 e6 7. f3 Be7 8.
Qd2 Nc6 9. O-O-O Nxd4 10. Bxd4 O-O 11. g4 b5 12. g5 Nd7 13. h4 Qc7 14. Kb1
b4 15. Na4 Bb7 16. b3 Bc6 17. Nb2 a5 18. h5 Ne5 19. Bxe5 dxe5 20. Bc4 Rfd8
21. Nd3 Be8 22. Rdg1 Bc5 23. Rg4 Rd6 24. g6 fxg6 25. hxg6 h6 26. Rxh6 gxh6
27. g7 Qf7 28. Qxh6 Qh5 29. Bxe6+ Rxe6 30. Qxe6+ Bf7 31. Qc6 Qh1+ 32. Nc1
Rd8 33. Qxc5 Qxf3 34. Rh4 Qf6 35. Rh8+ Kxg7 36. Rxd8 Qxd8 37. Qxe5+ Qf6 38.
Qxa5 Qd4 39. Qg5+ Bg6 40. Nd3 Qxe4 41. Qe5+ 1-0

[Event "8th ch-Euro"]
[Site "Dresden GER"]
[Date "2007.04.08"]
[Round "6"]
[White "Hera,I"]
[Black "Lupulescu,C"]
[Result "1/2-1/2"]
[WhiteElo "2501"]
[BlackElo "2566"]
[EventDate "2007.04.03"]

1. Nf3 c5 2. c4 Nf6 3. d4 cxd4 4. Nxd4 a6 5. Nc3 d5 6. Nb3 e6 7. cxd5 exd5
8. g3 Nc6 9. Bg2 Be6 10. O-O Be7 11. Bg5 O-O 12. Qd2 d4 13. Na4 Ne4 14.
Bxe4 Bxg5 15. Qd3 g6 16. Nac5 Bh3 17. Rfd1 Qe7 18. Bxc6 bxc6 19. Qe4 Rfe8
20. Qxe7 Bxe7 21. Rd2 Bg5 22. Rc2 Rad8 23. Rd1 Bf5 24. Nd3 Rd6 25. Kf1 h5
26. f4 Bf6 27. Nbc5 Bc8 28. Nf2 Bg7 29. e4 a5 30. Rc4 g5 31. e5 Rd5 32.
Nfe4 gxf4 33. gxf4 Red8 34. Kf2 f6 35. exf6 Bh6 36. Nd3 Bf5 37. Ng5 Bxd3
38. Rxd3 Rf5 39. f7+ Kh8 40. Kg3 Bxg5 41. fxg5 Rxg5+ 42. Kf4 Rg7 43. Rxc6
Rxf7+ 44. Ke4 Rf2 45. Rh6+ Kg7 46. Rxh5 Rxb2 47. Rg3+ Kf6 48. Rf5+ Ke6 49.
Rg6+ Ke7 50. Rg7+ Ke6 51. Rg6+ Ke7 52. Rxa5 Rxh2 53. Ra7+ Kf8 54. Rf6+ Kg8
55. Rg6+ Kh8 56. Rga6 Rh4+ 57. Kd3 Rh3+ 58. Kd2 Rh2+ 59. Kd3 1/2-1/2

[Event "8th ch-Euro"]
[Site "Dresden GER"]
[Date "2007.04.08"]
[Round "6"]
[White "Jakubowski,K"]
[Black "Agrest,E"]
[Result "0-1"]
[WhiteElo "2483"]
[BlackElo "2561"]
[EventDate "2007.04.03"]

1. e4 c5 2. Nf3 d6 3. d4 Nf6 4. Nc3 cxd4 5. Nxd4 g6 6. Be3 Bg7 7. f3 a6 8.
Qd2 Nbd7 9. h4 h5 10. O-O-O b5 11. Nd5 Bb7 12. Nb3 Rc8 13. Kb1 Bxd5 14.
exd5 Nb6 15. Bxb6 Qxb6 16. g4 hxg4 17. h5 gxf3 18. h6 Bf8 19. Rc1 Nh5 20.
h7 Rxh7 21. Re1 Bh6 22. Qb4 f2 23. Re2 Nf6 24. a4 Kf8 25. Rh4 Nxd5 26. Qg4
Rc4 27. Qh3 Rxh4 28. Qxh4 Kg8 29. a5 Qa7 30. Qe4 Nf4 31. Rd2 Ne6 32. Rd3
Bg5 33. Qc6 Kg7 34. Rf3 Rh1 35. Rxf7+ Kxf7 36. Qxh1 Qe3 37. Ka2 Kg7 38. Qg2
Qe1 39. Bd3 Nf4 0-1

[Event "8th ch-Euro"]
[Site "Dresden GER"]
[Date "2007.04.08"]
[Round "6"]
[White "Holzke,F"]
[Black "Kotanjian,T"]
[Result "1-0"]
[WhiteElo "2467"]
[BlackElo "2524"]
[EventDate "2007.04.03"]

1. e4 c5 2. Nf3 d6 3. d4 cxd4 4. Nxd4 Nf6 5. Nc3 a6 6. Bg5 e6 7. f4 Nbd7 8.
Qf3 Qc7 9. O-O-O b5 10. Bxb5 axb5 11. Ndxb5 Qb8 12. e5 Bb7 13. Qe2 Ra5 14.
exf6 gxf6 15. Bh4 Rg8 16. Bg3 f5 17. Rhe1 Nf6 18. b4 Ra6 19. Nd4 d5 20. Qe5
Nd7 21. Nxd5 Rg6 22. Nxe6 Rgxe6 23. Nf6+ Ke7 24. Ng8+ 1-0

[Event "8th ch-Euro"]
[Site "Dresden GER"]
[Date "2007.04.08"]
[Round "6"]
[White "Siebrecht,S"]
[Black "Drozdovskij,Y"]
[Result "1/2-1/2"]
[WhiteElo "2457"]
[BlackElo "2562"]
[EventDate "2007.04.03"]

1. d4 d5 2. c4 c6 3. Nc3 Nf6 4. Nf3 a6 5. e3 e6 6. a4 c5 7. Be2 Nc6 8. O-O
Bd6 9. cxd5 exd5 10. dxc5 Bxc5 11. Nd4 O-O 12. Nxc6 bxc6 13. Qc2 Bd6 14. h3
Qe7 15. Bd3 Re8 16. Bd2 Rb8 17. Rab1 c5 18. Rfe1 Bb7 19. Rbd1 Qe5 20. f4
Qe7 21. Be2 Qc7 22. Nb1 d4 23. exd4 Bxf4 24. Bxf4 Qxf4 25. Qd2 Qg3 26. Bf1
Rxe1 27. Qxe1 Qxe1 28. Rxe1 cxd4 29. Rd1 Be4 30. Na3 Rxb2 31. Rxd4 h5 32.
Nc4 Rc2 33. Ne5 Bd5 34. Nd7 Nxd7 35. Rxd5 Nb6 36. Rd8+ Kh7 37. Rd6 1/2-1/2

[Event "8th ch-Euro"]
[Site "Dresden GER"]
[Date "2007.04.08"]
[Round "6"]
[White "Godena,M"]
[Black "Volke,K"]
[Result "1/2-1/2"]
[WhiteElo "2530"]
[BlackElo "2490"]
[EventDate "2007.04.03"]

1. e4 e5 2. Nf3 Nc6 3. d4 exd4 4. Nxd4 Bc5 5. Nxc6 bxc6 6. Bd3 Qh4 7. Qe2
Nf6 8. h3 O-O 9. g3 Qh5 10. Qxh5 Nxh5 11. Nc3 Re8 12. g4 Nf6 13. O-O d6 14.
Kg2 Nd7 15. Re1 Bb4 1/2-1/2

[Event "8th ch-Euro"]
[Site "Dresden GER"]
[Date "2007.04.08"]
[Round "6"]
[White "Shomoev,A"]
[Black "Karpatchev,A"]
[Result "1-0"]
[WhiteElo "2556"]
[BlackElo "2478"]
[EventDate "2007.04.03"]

1. c4 e5 2. Nc3 Nf6 3. Nf3 Nc6 4. a3 d5 5. cxd5 Nxd5 6. d3 Be7 7. e3 O-O 8.
Be2 Be6 9. O-O f5 10. Qc2 Nb6 11. b4 a6 12. Bb2 Bf6 13. Nd2 a5 14. b5 Ne7
15. Nb3 Nd7 16. a4 Qe8 17. Ba3 Qf7 18. Nd2 Rfd8 19. Rac1 Nb6 20. Rb1 Ned5
21. Nxd5 Bxd5 22. e4 Be6 23. Bf3 f4 24. Rfc1 Rd7 25. Be2 g5 26. Bc5 g4 27.
Re1 Kh8 28. d4 exd4 29. e5 Bg7 30. Bd3 Qh5 31. Ne4 Bf5 32. e6 Bxe6 33. Bxb6
cxb6 34. Nf6 Bxf6 35. Rxe6 Bg7 36. Qe2 Rf8 37. Re1 Rdf7 38. Qe4 g3 39. hxg3
fxg3 40. fxg3 Bh6 41. Re5 Qg6 42. Qxd4 Qxg3 43. Rg5+ Bg7 44. Qe4 Qf2+ 45.
Kh1 Bh6 46. Rg4 Bf4 47. Rf1 Qe3 48. Rfxf4 Qe1+ 49. Kh2 1-0

[Event "8th ch-Euro"]
[Site "Dresden GER"]
[Date "2007.04.08"]
[Round "6"]
[White "Mastrovasilis,D"]
[Black "Stern,R"]
[Result "1/2-1/2"]
[WhiteElo "2546"]
[BlackElo "2476"]
[EventDate "2007.04.03"]

1. e4 e5 2. Nf3 Nc6 3. Bb5 a6 4. Ba4 Nf6 5. O-O Be7 6. Re1 b5 7. Bb3 O-O 8.
h3 Bb7 9. d3 d6 10. a3 Qd7 11. Nc3 Nd8 12. d4 exd4 13. Nxd4 Re8 14. Nf5 Ne6
15. Qf3 c5 16. Nd5 Nxd5 17. Bxd5 Bxd5 18. exd5 Nd4 19. Nxd4 cxd4 20. Bf4
Bf6 21. Qg4 Qb7 22. Qf5 Be5 23. Qe4 g6 24. Bg3 f5 25. Qf3 Bxg3 26. fxg3 Re5
27. Rad1 Rae8 28. Rxe5 dxe5 29. g4 fxg4 30. hxg4 Rd8 31. Qf6 Qxd5 32. Rf1
e4 33. Qe7 Rc8 34. Rf6 d3 35. cxd3 exd3 36. Rd6 Qf7 37. Rd8+ Rxd8 38. Qxd8+
Qf8 39. Qxd3 Qc5+ 40. Kh2 Qe5+ 41. Kh3 Qxb2 42. Qd8+ Kf7 43. Qd7+ Kf6 44.
Qd6+ Kf7 45. Qd7+ Kf6 1/2-1/2

[Event "8th ch-Euro"]
[Site "Dresden GER"]
[Date "2007.04.08"]
[Round "6"]
[White "Mastrovasilis,A"]
[Black "Urban,K"]
[Result "1/2-1/2"]
[WhiteElo "2543"]
[BlackElo "2452"]
[EventDate "2007.04.03"]

1. d4 Nf6 2. Nf3 g6 3. Bg5 Bg7 4. Nbd2 O-O 5. e3 d6 6. Be2 h6 7. Bxf6 Bxf6
8. h4 Bg7 9. c3 c5 10. dxc5 dxc5 11. h5 g5 12. Qc2 e6 13. O-O-O Qe7 14. Ne4
Bd7 15. Rd2 Bc6 16. Rhd1 Nd7 17. Nd6 Nb6 18. e4 Ba4 19. b3 Bc6 20. a4 Rfd8
21. Kb2 Rab8 22. g3 Rd7 23. a5 Na8 24. Nc4 Rxd2 25. Rxd2 b5 26. Nce5 Qc7
27. Ng4 b4 28. e5 Bxf3 29. Bxf3 Bxe5 30. Nxe5 Qxe5 31. Bxa8 Rxa8 32. Ka2
bxc3 33. Rd3 c4 34. Qxc3 cxb3+ 35. Kxb3 Rb8+ 36. Ka3 Qe2 37. Qd2 Qxd2 38.
Rxd2 Rb7 39. Ka4 Kg7 40. a6 Re7 41. Rb2 f5 42. Rb7 Kf6 43. f4 gxf4 44. gxf4
e5 45. fxe5+ Rxe5 46. Rxa7 Kg5 47. Rb7 Re8 48. a7 Ra8 49. Rf7 Kxh5 50.
Rxf5+ Kg4 51. Rf7 h5 52. Rg7+ Kf3 53. Rh7 h4 54. Kb5 Kg2 55. Kb6 h3 56. Kb7
Rxa7+ 57. Kxa7 h2 58. Ka8 h1=R 59. Rxh1 Kxh1 1/2-1/2

[Event "8th ch-Euro"]
[Site "Dresden GER"]
[Date "2007.04.08"]
[Round "6"]
[White "Zaragatski,I"]
[Black "Romanishin,O"]
[Result "0-1"]
[WhiteElo "2445"]
[BlackElo "2572"]
[EventDate "2007.04.03"]

1. e4 e5 2. Nf3 Nc6 3. Bb5 a6 4. Ba4 Nf6 5. O-O Be7 6. Re1 b5 7. Bb3 d6 8.
c3 O-O 9. d4 Bg4 10. d5 Na5 11. Bc2 Qc8 12. h3 Bd7 13. Nbd2 c6 14. dxc6
Qxc6 15. Nf1 Rac8 16. Ng3 Rfe8 17. Qe2 Bd8 18. Bd3 Nb7 19. Nh2 Nc5 20. Bc2
Ne6 21. Bb3 b4 22. Bxe6 Bxe6 23. cxb4 d5 24. Bg5 d4 25. Rac1 Qb7 26. Rxc8
Bxc8 27. a3 h6 28. Bd2 Qb5 29. Qf3 Nh7 30. Nf5 Bg5 31. Nd6 Qd7 32. Nc4 Bxd2
33. Nxd2 Qc6 34. Qd3 Nf8 35. Nb3 Ng6 36. Rc1 Qb6 37. Nc5 Nf4 38. Qf3 Qb5
39. Rc2 a5 40. g3 Nxh3+ 41. Kg2 axb4 42. Qb3 Ng5 43. Qxb4 Bh3+ 44. Kh1 Qxb4
45. axb4 Rb8 46. f4 Nxe4 47. fxe5 Rxb4 48. Nd3 Rb3 49. Nc1 Re3 0-1

[Event "8th ch-Euro"]
[Site "Dresden GER"]
[Date "2007.04.08"]
[Round "6"]
[White "Gasthofer,A"]
[Black "Chuchelov,V"]
[Result "1/2-1/2"]
[WhiteElo "2450"]
[BlackElo "2539"]
[EventDate "2007.04.03"]

1. Nf3 Nf6 2. g3 d5 3. Bg2 c6 4. O-O Bg4 5. d3 Nbd7 6. Nbd2 e5 7. e4 dxe4
8. dxe4 Bc5 9. h3 Bh5 10. Qe1 O-O 11. Nb3 Bxf3 12. Bxf3 Bb6 13. Bd2 a5 14.
a4 Nc5 15. Nxc5 Bxc5 16. Bg5 h6 17. Bxf6 Qxf6 18. Qe2 Rfd8 1/2-1/2

[Event "8th ch-Euro"]
[Site "Dresden GER"]
[Date "2007.04.08"]
[Round "6"]
[White "Narciso Dublan,M"]
[Black "Schlawin,M"]
[Result "1-0"]
[WhiteElo "2537"]
[BlackElo "2306"]
[EventDate "2007.04.03"]

1. d4 e6 2. c4 Bb4+ 3. Bd2 a5 4. Nc3 d6 5. e4 Nf6 6. e5 dxe5 7. dxe5 Bxc3
8. Bxc3 Qxd1+ 9. Rxd1 Ne4 10. Bd4 Na6 11. f3 Nec5 12. Ne2 Bd7 13. Nc3 Na4
14. Nxa4 Bxa4 15. b3 Bc6 16. a3 O-O-O 17. Be2 Rd7 18. Kf2 Rhd8 19. Ke3 b6
20. Bc3 Rxd1 21. Rxd1 Rxd1 22. Bxd1 Nc5 23. Bc2 g6 24. g4 a4 25. b4 Nb3 26.
f4 Kd7 27. f5 Ke7 28. Kf4 Bd7 29. h4 c5 30. h5 exf5 31. gxf5 gxh5 32. Kg5
Be6 33. Kxh5 Nd4 34. Bxd4 cxd4 35. Bd3 Bd7 36. Kh6 f6 37. Kg7 Be8 38. exf6+
Kd6 39. f7 Bxf7 40. Kxf7 h5 1-0

[Event "8th ch-Euro"]
[Site "Dresden GER"]
[Date "2007.04.08"]
[Round "6"]
[White "Iljin,A"]
[Black "Hindermann,F"]
[Result "1-0"]
[WhiteElo "2529"]
[BlackElo "2260"]
[EventDate "2007.04.03"]

1. d4 Nf6 2. c4 g6 3. Nc3 d5 4. e3 Bg7 5. Qb3 c6 6. Nf3 O-O 7. Bd2 b6 8.
cxd5 cxd5 9. Ne5 e6 10. Be2 Nfd7 11. f4 Nxe5 12. fxe5 f6 13. exf6 Rxf6 14.
O-O-O Ba6 15. Bg4 Nc6 16. Qa4 Qc8 17. Kb1 Bd3+ 18. Ka1 Qb7 19. Rc1 b5 20.
Qd1 a5 21. Be1 Bf5 22. Be2 Bh6 23. Qd2 a4 24. Nxb5 Na5 25. Bg3 Rf7 26. Bd6
Be4 27. Ba3 Qb6 28. Rhf1 Rb7 29. Nd6 Rba7 30. Nc8 Qb8 31. Nxa7 Rxa7 32. Qc3
Bxg2 33. Qc8+ Qxc8 34. Rxc8+ Kg7 35. Bf8+ 1-0

[Event "8th ch-Euro"]
[Site "Dresden GER"]
[Date "2007.04.08"]
[Round "6"]
[White "Zherebukh,Y"]
[Black "Ruck,R"]
[Result "0-1"]
[WhiteElo "2359"]
[BlackElo "2531"]
[EventDate "2007.04.03"]

1. e4 c6 2. d4 d5 3. e5 Bf5 4. Nf3 e6 5. Be2 Ne7 6. O-O Nd7 7. Nbd2 h6 8.
c3 Bh7 9. Nb3 Rc8 10. a4 Ng6 11. a5 Be7 12. Re1 O-O 13. Bf1 Qc7 14. Bd3 b6
15. Qe2 c5 16. dxc5 bxc5 17. c4 d4 18. Nbd2 Rfd8 19. Nf1 Nb8 20. Ng3 Nc6
21. Nh5 Nb4 22. Bxh6 Nxd3 23. Qxd3 gxh6 24. Qd2 Bf8 25. Ra3 Kh8 26. Ng5
hxg5 27. Qxg5 d3 28. Nf6 Bg7 29. f4 Bxf6 30. Qxf6+ Kg8 31. f5 d2 32. Rd1
Qxe5 0-1

[Event "8th ch-Euro"]
[Site "Dresden GER"]
[Date "2007.04.08"]
[Round "6"]
[White "Sargissian,G"]
[Black "Esen,B"]
[Result "1-0"]
[WhiteElo "2658"]
[BlackElo "2447"]
[EventDate "2007.04.03"]

1. d4 d5 2. c4 c6 3. Nf3 Nf6 4. e3 e6 5. b3 Nbd7 6. Bb2 Bd6 7. Bd3 Ne4 8.
O-O f5 9. Ba3 Qe7 10. Bxd6 Qxd6 11. Qc2 b6 12. b4 a5 13. c5 Qc7 14. cxb6
Qxb6 15. bxa5 Rxa5 16. Nbd2 Ba6 17. Bxa6 Qxa6 18. Rfc1 Ke7 19. Qxc6 Ra8 20.
Qc7 Nxd2 21. Nxd2 Rxa2 22. Rxa2 Qxa2 23. Nf3 Qa5 24. Qg3 g6 25. Qc7 Qa7 26.
Ne5 1-0

[Event "8th ch-Euro"]
[Site "Dresden GER"]
[Date "2007.04.08"]
[Round "6"]
[White "Asrian,K"]
[Black "Landenbergue,C"]
[Result "1-0"]
[WhiteElo "2634"]
[BlackElo "2450"]
[EventDate "2007.04.03"]

1. e4 e5 2. Nf3 Nc6 3. Bc4 Nf6 4. d3 Be7 5. O-O O-O 6. Re1 d6 7. c3 Na5 8.
Bb5 a6 9. Ba4 b5 10. Bc2 c5 11. Nbd2 Re8 12. Nf1 Bf8 13. Bg5 h6 14. Bh4 Be7
15. Ne3 Ng4 16. Bxe7 Qxe7 17. Nd5 Qd8 18. a4 Bb7 19. b4 cxb4 20. cxb4 Nc6
21. Bb3 Ne7 22. Nc3 Rc8 23. Qd2 bxa4 24. Rxa4 Qc7 25. Bc4 Nf6 26. Qa2 d5
27. exd5 Nf5 28. b5 e4 29. dxe4 Nd6 30. bxa6 Bxa6 31. Bxa6 Qxc3 32. Bxc8
1-0

[Event "8th ch-Euro"]
[Site "Dresden GER"]
[Date "2007.04.08"]
[Round "6"]
[White "Pirrot,D"]
[Black "Smirnov,P"]
[Result "0-1"]
[WhiteElo "2420"]
[BlackElo "2621"]
[EventDate "2007.04.03"]

1. e4 c6 2. d4 d5 3. Nc3 dxe4 4. Nxe4 Bf5 5. Ng3 Bg6 6. Bc4 e6 7. N1e2 Nf6
8. O-O Bd6 9. f4 Qc7 10. f5 Bxf5 11. Nxf5 exf5 12. Rxf5 Nbd7 13. Bf4 O-O-O
14. Qf1 g6 15. Bxd6 Qxd6 16. Rf3 Ne4 17. Ra3 Nd2 18. Qxf7 Rhf8 19. Qe6 Qb4
20. Ba6 Rf6 21. Qe3 bxa6 22. Rc3 Nc4 23. Qd3 Ndb6 24. b3 Na3 25. Qxa6+ Kb8
26. Rc5 Qd2 0-1

[Event "8th ch-Euro"]
[Site "Dresden GER"]
[Date "2007.04.08"]
[Round "6"]
[White "Bauer,Ch"]
[Black "Paehtz,T sr"]
[Result "1-0"]
[WhiteElo "2609"]
[BlackElo "2427"]
[EventDate "2007.04.03"]

1. d4 e6 2. c4 Bb4+ 3. Bd2 a5 4. Nc3 Nf6 5. e4 d6 6. Bd3 e5 7. a3 Bxc3 8.
bxc3 Nc6 9. Ne2 O-O 10. O-O Re8 11. Qc2 a4 12. Rae1 h6 13. f4 Bg4 14. Ng3
exd4 15. Qb2 Ra6 16. cxd4 Rb6 17. Qa1 h5 18. Bc3 h4 19. Nh1 Bc8 20. d5 Nb8
21. e5 Nfd7 22. e6 Nf6 23. Bxf6 1-0

[Event "8th ch-Euro"]
[Site "Dresden GER"]
[Date "2007.04.08"]
[Round "6"]
[White "Skoberne,J"]
[Black "Yakovich,Yur"]
[Result "0-1"]
[WhiteElo "2436"]
[BlackElo "2577"]
[EventDate "2007.04.03"]

1. e4 c5 2. Nf3 d6 3. d4 cxd4 4. Nxd4 Nf6 5. Nc3 Nc6 6. Bg5 e6 7. Bb5 Bd7
8. Bxc6 bxc6 9. Qf3 h6 10. Bh4 e5 11. Nf5 Bxf5 12. Qxf5 Be7 13. Bxf6 Bxf6
14. O-O Qd7 15. Qf3 O-O 16. Rad1 Be7 17. Rd3 f5 18. Qh3 Qb7 19. exf5 Qxb2
20. Rg3 Qxc2 21. Qg4 Rf7 22. f6 Bxf6 23. Ne4 Bg5 24. Nxd6 Rf4 25. Qe6+ Kh7
26. Qxe5 Raf8 27. f3 Qd3 28. Ne4 Qe3+ 29. Rf2 Qe1+ 30. Rf1 Qe3+ 31. Rf2 Kh8
32. Rh3 Rxe4 0-1

[Event "8th ch-Euro"]
[Site "Dresden GER"]
[Date "2007.04.08"]
[Round "6"]
[White "Georgiadis,I"]
[Black "Nyback,T"]
[Result "0-1"]
[WhiteElo "2388"]
[BlackElo "2604"]
[EventDate "2007.04.03"]

1. e4 e5 2. Nf3 Nc6 3. Bb5 a6 4. Ba4 Nf6 5. O-O Be7 6. Re1 b5 7. Bb3 O-O 8.
d4 d6 9. c3 Bg4 10. Be3 Bh5 11. h3 Na5 12. Bc2 Nc4 13. Bc1 exd4 14. cxd4 c5
15. b3 Nb6 16. Nbd2 Nfd7 17. Bb2 Re8 18. Nf1 Bf6 19. g4 Bg6 20. e5 Be7 21.
Ng3 dxe5 22. dxe5 Bxc2 23. Qxc2 Nf8 24. Rad1 Qb8 25. Nf5 Ne6 26. Nd6 Rd8
27. Nxf7 Rf8 28. Rd6 Rxf7 29. Rxe6 Qb7 30. Qe4 Qxe4 31. Rxe4 Nd5 32. Rxe7
Rxe7 33. Nh4 Rc7 34. e6 c4 35. Rd4 c3 36. Bc1 Ne7 37. f4 Nc6 38. Rd6 Nb4
39. Nf5 Nxa2 40. e7 Re8 41. Rxa6 Nxc1 42. Nd6 Rcxe7 43. Nxe8 Rxe8 44. Rc6
b4 0-1